000 00488nam a2200217Ia 4500
003 OSt
005 20221005132017.0
006 a|||||r|||| 00| 0
007 ta
008 221004b |||||||| |||| 00| 0 kan d
024 _a61807
037 _cTextual
040 _aCRL
_cCRL
_bkan
041 _2kan
_akan
082 _aR3, 33L0
245 0 _aTatvasastra
260 _c1970
650 _aPHILOSOPHY
942 _hR3, 33L0
_cTEXL
_2cc
999 _c1062153
_d1062153